ბათუმის შოთა რუსთაველის სახელმწიფო უნივერსიტეტის ბიბლიოთეკა

რჩეული (ბიბ.ჩანაწერი № 48974)

000 -LEADER
fixed length control field 00720nam a2200229Ia 4500
001 - CONTROL NUMBER
control field 15878
003 - CONTROL NUMBER IDENTIFIER
control field GE_BSU
008 - FIXED-LENGTH DATA ELEMENTS--GENERAL INFORMATION
fixed length control field 181216s||||||||xx |||||||||||||| ||und||
040 ## - CATALOGING SOURCE
Transcribing agency GE_BSU
080 ## - UNIVERSAL DECIMAL CLASSIFICATION NUMBER
Universal Decimal Classification number 821.353.1-11
100 ## - MAIN ENTRY--PERSONAL NAME
Personal name ჭელიძე, ო.
245 ## - TITLE STATEMENT
Title რჩეული
245 ## - TITLE STATEMENT
Remainder of title ლექსები და პოემები
245 ## - TITLE STATEMENT
Statement of responsibility, etc. რედ.ლ.ელოიზიშვილი. მხატვ.დ.ნოდია
260 ## - PUBLICATION, DISTRIBUTION, ETC.
Place of publication, distribution, etc. თბილისი
260 ## - PUBLICATION, DISTRIBUTION, ETC.
Name of publisher, distributor, etc. საბჭ. საქართველო
260 ## - PUBLICATION, DISTRIBUTION, ETC.
Date of publication, distribution, etc. 1960
300 ## - PHYSICAL DESCRIPTION
Extent 282გვ. ; 21სმ
653 ## - INDEX TERM--UNCONTROLLED
Uncontrolled term ლექსები და პოემები
653 ## - INDEX TERM--UNCONTROLLED
Uncontrolled term რჩეული
942 ## - ADDED ENTRY ELEMENTS (KOHA)
Koha item type წიგნი
ეგზემპლარები
Withdrawn status Lost status Damaged status Not for loan Date acquired Barcode Date last seen Price effective from Koha item type
        2018-12-17 39211 2018-12-17 2018-12-17 წიგნი
        2018-12-17 39212 2018-12-17 2018-12-17 წიგნი
        2018-12-17 39213 2018-12-17 2018-12-17 წიგნი